000 01756nam a2200505 i 4500
001 34173
003 KOSZ 005
005 20221024152236.0
008 980713s1997 pl a |000 0 pol
015 _aUWD 1997/9592
020 _a8302065498
035 _a991004981689705066
035 _a(PL-WaBN)b1130909x-48omnis_nlop
035 _ab1130909x
035 _a(OCoLC)830128522
035 _a(PL)b0000001130909
035 _a(EXLNZ-48OMNIS_NETWORK)9910283021205606
040 _aWA N
_cWA N
_dKOSZ 005/HR
046 _k1997
080 _a669.017/.018
080 _a621.78
080 _a(075.3)
100 1 _aDobrzański, Leszek Adam
_d(1947- )
_eAutor
245 1 0 _aMetaloznawstwo i obróbka cieplna /
_cLeszek Adam Dobrzański.
250 _aWyd. 3 popr. i uzup.
260 _aWarszawa :
_bWydawnictwa Szkolne i Pedagogiczne,
_c1997.
300 _a486, [1] s. :
_bfot., rys., wykr. ;
_c25 cm.
336 _aTekst
_btxt
_2rdacontent
337 _aBez urządzenia pośredniczącego
_bn
_2rdamedia
338 _aWolumin
_bnc
_2rdacarrier
380 _aKsiążki
388 _a1901-2000
388 _a1989-2000
504 _aBibliogr. s. 486-[487].
521 _aPodręcznik dla technikum, kl. III i IV techn. hutniczych o specjalnościach metalurgia i przeróbka plastyczna.
650 7 _aMetale
_2DBN
650 7 _aMetaloznawstwo
_2DBN
650 7 _aObróbka cieplna
_2DBN
655 7 _aPodręczniki dla szkół zawodowych
_2DBN
658 _aInżynieria i technika
710 2 _aWydawnictwa Szkolne i Pedagogiczne
_4pbl
856 _uhttp://koha.tu.koszalin.pl/cgi-bin/koha/opac-detail.pl?biblionumber=34173
_yKatalog online BPK
942 _2UKD
_cKS
999 _c34173
_d34173